Statistiques concernant Films avec Milla Jovovich réalisés par ses époux

Cliquez ici pour prendre le quiz!

Statistiques générales

  • Ce quiz a été pris 98 fois
  • Le résultat moyen est 3 sur 8

Statistiques - réponses

EpouxAnnéesFilms% Correct
Luc Besson1997Le Cinquième Élément
80%
Paul W. S. Anderson2002Resident Evil
78%
1998Jeanne d'Arc
51%
2012Resident Evil: Retribution
27%
2010Resident Evil: Afterlife
22%
2020Monster Hunter
20%
2017Resident Evil : Chapitre final
20%
2011Les Trois Mousquetaires
17%

Distribution des résultats

Percentile par nombre de réponses

% des personnes avec chaque résultat

Votre développement - résultats

Vous n’avez pas pris ce quiz